| 000 | 00690cam a2200229 4500500 | ||
|---|---|---|---|
| 005 | 20260405002541.0 | ||
| 041 | _afre | ||
| 042 | _adc | ||
| 100 | 1 | 0 |
_aDuru, Martin _eauthor |
| 245 | 0 | 0 | _aFrancis Wolff : “Nous, humains, ne savons plus trop qui nous sommes” |
| 260 | _c2017. | ||
| 500 | _a100 | ||
| 690 | _aAnimal | ||
| 690 | _aAnimalisme | ||
| 690 | _aFrancis Wolff | ||
| 690 | _aHumanisme | ||
| 690 | _aMartin Duru | ||
| 690 | _aMusique | ||
| 690 | _aUniversalisme | ||
| 786 | 0 | _nPhilosophie magazine | 114 | 11 | 2017-11-01 | p. 27-30 | 1951-1787 | |
| 856 | 4 | 1 | _uhttps://shs.cairn.info/magazine-philosophie-magazine-2017-11-page-27?lang=fr&redirect-ssocas=7080 |
| 999 |
_c2058777 _d2058777 |
||